[Event "Titled Tue 17th Jun Late"]
[Site "chess.com INT"]
[Date "2025.06.17"]
[Round "2"]
[White "Suvradeepta, Das"]
[Black "Damaraju, Ashwin"]
[Result "1-0"]
[WhiteTitle "FM"]
[WhiteElo "2230"]
[BlackElo "2084"]
[WhiteFideId "5058031"]
[BlackFideId "39908348"]
[EventDate "2025.06.17"]

1. d4 Nf6 2. Nf3 g6 3. Nc3 Bg7 4. e4 d6 5. h3 Nbd7 6. Be3 c6 7. a4 e5 8. Bc4
exd4 9. Nxd4 Nc5 10. f3 O-O 11. Qd2 d5 12. exd5 cxd5 13. Ba2 Re8 14. O-O-O Qa5
15. Nb3 Nxb3+ 16. Bxb3 Be6 17. Bd4 a6 18. Kb1 b5 19. Nxd5 Qxd2 20. Rxd2 Bxd5 21.
Bxd5 Nxd5 22. Bxg7 Kxg7 23. Rxd5 bxa4 24. Rhd1 Re2 25. R1d2 Rae8 26. Ka2 R8e5
27. R5d4 R5e3 28. c3 Re1 29. Rxa4 Rg1 30. Rxa6 Ree1 31. Rad6 Ra1+ 32. Kb3 Rab1
33. Rc2 Rge1 34. Rd3 Re8 35. c4 Ra1 36. c5 Rb8+ 37. Kc4 Ra6 38. b4 Ra4 39. Rb3
Kf6 40. c6 Ke6 41. Kc5 Ra7 42. Re2+ Kf6 43. b5 Ra1 44. Rc2 Ra5 45. c7 Rc8 46.
Kc6 Ke7 47. Re2+ Kf6 48. b6 Ra6 49. Kb7 Raa8 50. Kc6 Ra6 51. Rd2 Ke7 52. Re3+
Kf8 53. Rd8+ Kg7 54. Rxc8 h5 55. Kb7 Ra4 56. Rd8 h4 57. c8=Q g5 58. Qc3+ Kg6 59.
Rd6+ Kf5 60. Qf6# 1-0

[Event "Titled Tue 17th Jun Late"]
[Site "chess.com INT"]
[Date "2025.06.17"]
[Round "2"]
[White "Urbina Perez, Juan Antonio"]
[Black "Unver, Cumayi"]
[Result "1-0"]
[WhiteTitle "FM"]
[WhiteElo "2221"]
[BlackElo "2012"]
[WhiteFideId "2217368"]
[BlackFideId "6304940"]
[EventDate "2025.06.17"]

1. Nf3 Nf6 2. e3 c5 3. b3 b6 4. Bb2 e6 5. g3 Bb7 6. Bg2 Be7 7. c4 O-O 8. O-O d6
9. d4 cxd4 10. Bxd4 Nbd7 11. Bb2 a6 12. Nc3 Qc7 13. Rc1 Rac8 14. Qd3 Rfd8 15.
Rfd1 Nf8 16. h4 Qb8 17. Qd4 N8d7 18. Qd2 Qa8 19. Ne1 Bxg2 20. Nxg2 Ne5 21. Ne1
Rd7 22. Ne2 Rcd8 23. Nd4 Qb7 24. Qe2 Ne4 25. Nef3 Ng4 26. Rf1 Bf6 27. Nh2 Ne5
28. Nhf3 Ng4 29. Nh2 Ne5 30. h5 h6 31. Ng4 Nc6 32. Nxf6+ Nxf6 33. Nxc6 Qxc6 34.
Bxf6 gxf6 35. Qg4+ Kh7 36. Qf4 Kg7 37. e4 Qc5 38. Qf3 Qg5 39. Rfd1 Kf8 40. Rc3
Ke7 41. Rcd3 b5 42. cxb5 axb5 43. a4 bxa4 44. bxa4 Ra7 45. Rd4 Ra5 46. Qc3 Rd7
47. Qc6 Qxh5 48. Rxd6 Qxd1+ 49. Rxd1 Rxd1+ 50. Kg2 Re5 51. a5 Ra1 52. a6 Rea5
53. Qb7+ Kf8 54. Qb2 Kg7 55. Qe2 Rxa6 56. Qg4+ Kf8 57. Qh4 Kg7 58. Qg4+ Kf8 59.
e5 fxe5 60. Qh4 R1a2 61. Qxh6+ Ke7 62. Qg5+ Ke8 63. Qxe5 Ke7 64. Qc5+ Ke8 65.
Qc8+ Ke7 66. Qb7+ Ke8 67. Qb5+ Ke7 68. g4 R2a5 69. Qb4+ Ke8 70. f3 Kd7 71. Kg3
Ke8 72. Qd4 Ke7 73. Qh8 1-0

[Event "Titled Tue 17th Jun Late"]
[Site "chess.com INT"]
[Date "2025.06.17"]
[Round "2"]
[White "Ernst, Luca"]
[Black "Ljepic, Andrej"]
[Result "0-1"]
[WhiteTitle "FM"]
[BlackTitle "FM"]
[WhiteElo "2215"]
[BlackElo "2358"]
[WhiteFideId "45117055"]
[BlackFideId "980625"]
[EventDate "2025.06.17"]

1. Nf3 Nf6 2. g3 b5 3. Bg2 Bb7 4. O-O e6 5. d4 c5 6. a4 b4 7. c4 cxd4 8. Nxd4
Bxg2 9. Kxg2 Qb6 10. b3 Nc6 11. Bb2 Bc5 12. a5 Qb7 13. Nxc6 Qxc6+ 14. Kg1 O-O
15. Nd2 Rfd8 16. Qc2 d6 17. Rad1 e5 18. Nf3 h6 19. Qd2 Qc7 20. Ra1 Qd7 21. Kg2
Qf5 22. Nh4 Qe6 23. Nf3 d5 24. cxd5 Rxd5 25. Qc2 e4 26. Nd2 Rad8 27. Nc4 h5 28.
Rad1 h4 29. Bxf6 h3+ 30. Kg1 Rxd1 31. Rxd1 Rxd1+ 32. Qxd1 Qxf6 33. e3 g6 34. Qf1
Qf5 35. Nd2 Qe6 36. Qc4 Qxc4 37. Nxc4 f5 38. a6 Kg7 39. Kf1 Kf6 40. Ke2 Ke6 41.
f3 g5 42. g4 fxg4 43. fxg4 Bd6 44. Na5 Bxh2 45. Nc6 Bd6 46. Kf2 Bc5 47. Na5 h2
48. Kg2 Bxe3 49. Nc4 Bc5 50. Kxh2 Kd5 51. Kg2 Kd4 52. Kf2 Kc3+ 53. Ke2 Kxb3 54.
Nd2+ Kc2 55. Nxe4 Be7 56. Nd2 b3 57. Nxb3 Kxb3 58. Kd3 Kb4 59. Ke4 Bd6 60. Kf5
Bf4 61. Ke6 Kb5 0-1

[Event "Titled Tue 17th Jun Late"]
[Site "chess.com INT"]
[Date "2025.06.17"]
[Round "2"]
[White "Salonen, Aku"]
[Black "Pranav, V"]
[Result "0-1"]
[WhiteTitle "FM"]
[BlackTitle "GM"]
[WhiteElo "2330"]
[BlackElo "2595"]
[WhiteFideId "517577"]
[BlackFideId "25060783"]
[EventDate "2025.06.17"]

1. d4 Nf6 2. c4 e6 3. g3 Bb4+ 4. Nd2 O-O 5. Bg2 d6 6. Nf3 Nc6 7. O-O Bxd2 8.
Qxd2 Qe7 9. b3 e5 10. dxe5 dxe5 11. Bb2 Rd8 12. Qc2 Bg4 13. Rfd1 h6 14. h3 Bxf3
15. Bxf3 Qe6 16. Bg2 Rd6 17. Rxd6 cxd6 18. Rd1 Rc8 19. Qd2 Ne8 20. e3 b6 21. Kh2
Nb8 22. Ba3 Rd8 23. c5 bxc5 24. Bxc5 Rd7 25. Ba3 Nf6 26. Qb4 Na6 27. Qb5 d5 28.
Rc1 Nc7 29. Qb8+ Nce8 30. Rc8 Kh7 31. Bb2 Nd6 32. Rc6 Nfe4 33. Bxe4+ dxe4 34.
Ba3 Qf5 35. Rxd6 Qxf2+ 36. Kh1 Rxd6 37. Qxd6 Qxg3 38. Bc5 Qxh3+ 39. Kg1 Qg3+ 40.
Kh1 h5 41. Qd5 f5 42. Bd6 Qe1+ 43. Kh2 Qe2+ 44. Kh1 Qf3+ 45. Kh2 Qf2+ 46. Kh1
Qxe3 47. Bxe5 Qf3+ 48. Kh2 Qf2+ 49. Kh1 Qf3+ 50. Kh2 Qg4 51. Qf7 e3 52. Bc3 e2
53. Qe7 h4 54. Bxg7 Qg3+ 55. Kh1 e1=Q+ 0-1

[Event "Titled Tue 17th Jun Late"]
[Site "chess.com INT"]
[Date "2025.06.17"]
[Round "2"]
[White "Bacrot, Etienne"]
[Black "Volodin, Alexandr E."]
[Result "0-1"]
[WhiteTitle "GM"]
[BlackTitle "FM"]
[WhiteElo "2633"]
[BlackElo "2344"]
[WhiteFideId "605506"]
[BlackFideId "34268871"]
[EventDate "2025.06.17"]

1. e4 c5 2. Nf3 d6 3. d4 cxd4 4. Nxd4 Nf6 5. Nc3 a6 6. Bg5 e6 7. Qe2 Be7 8.
O-O-O Nxe4 9. Bxe7 Nxc3 10. Bxd8 Nxe2+ 11. Nxe2 Kxd8 12. Rxd6+ Ke7 13. Rd2 Nc6
14. g3 b5 15. Bg2 Bb7 16. Nd4 Rhc8 17. Rhd1 Ra7 18. Nxc6+ Bxc6 19. Bxc6 Rxc6 20.
Rd8 Rac7 21. R8d2 g6 22. b3 h5 23. Kb2 e5 24. Re1 Ke6 25. f4 f6 26. fxe5 fxe5
27. Rf2 Rc5 28. Ref1 e4 29. Re2 Re5 30. Rf4 Kd5 31. Rd2+ Ke6 32. Rdf2 Kd5 33.
Rf6 Re6 34. Rf8 Kd4 35. Rd8+ Ke5 36. Rfd2 e3 37. Re2 Ke4 38. Rf8 g5 39. c3 Re5
40. Kc2 a5 41. Re1 a4 42. h4 axb3+ 43. axb3 Ra7 44. Kb2 gxh4 45. Rf4+ Kd5 46.
gxh4 Rg7 47. Re2 Rg4 48. Rf3 Rge4 49. Kc2 Rxh4 50. Kd3 Rg4 51. Rf8 h4 52. Rd8+
Kc6 53. Ra2 Kc7 54. Rd4 Rxd4+ 55. cxd4 Re7 56. Re2 Kd6 57. Kc3 Kd5 58. Kd3 h3
59. Rh2 e2 0-1

[Event "Titled Tue 17th Jun Late"]
[Site "chess.com INT"]
[Date "2025.06.17"]
[Round "2"]
[White "Carroll, Thomas"]
[Black "Yevchenko, Oleksandr"]
[Result "0-1"]
[BlackTitle "CM"]
[WhiteElo "2131"]
[BlackElo "2276"]
[WhiteFideId "450111"]
[BlackFideId "14108267"]
[EventDate "2025.06.17"]

1. d4 Nf6 2. c4 e6 3. Nf3 d5 4. Nc3 c6 5. Bg5 Nbd7 6. e3 Qa5 7. Qc2 Bb4 8. Bxf6
Nxf6 9. Bd3 dxc4 10. Bxc4 O-O 11. O-O c5 12. a3 Bxc3 13. bxc3 b6 14. Ne5 cxd4
15. cxd4 Bb7 16. Qe2 Rac8 17. h3 Rfd8 18. Rfb1 Bd5 19. Bd3 Rc3 20. e4 Bb7 21.
Nf3 Rxd3 22. Qxd3 Bxe4 23. Qe3 Bxb1 24. Rxb1 Qf5 25. Rc1 h6 26. Rc7 Nd5 27. Qc1
Nxc7 28. Qxc7 Rf8 29. Qxa7 Qb5 30. a4 Qb1+ 31. Kh2 Qb4 32. g3 Qd6 33. Kg2 Rc8
34. a5 bxa5 35. Qxa5 Rd8 36. Qa7 Qd5 37. g4 Rc8 38. Kg3 Rc3 39. Qb8+ Kh7 40. Qf4
Qb7 41. g5 hxg5 42. Qg4 Rxf3+ 43. Qxf3 Qxf3+ 44. Kxf3 Kg6 45. Ke4 Kf6 46. f3 g6
47. f4 gxf4 48. Kxf4 Ke7 49. Ke4 Kd6 50. Kf4 f6 51. Ke4 Kc6 52. Kd3 Kd5 53. Ke3
e5 54. dxe5 Kxe5 55. Kf3 Kf5 56. Kg3 Ke4 57. Kg4 f5+ 58. Kg5 f4 59. Kxg6 f3 60.
h4 f2 61. h5 f1=Q 62. h6 Qf5+ 63. Kg7 Qe5+ 64. Kg8 Qg5+ 65. Kh7 Kf4 66. Kh8
Qxh6+ 67. Kg8 Qc6 68. Kh8 Qb7 69. Kg8 Kg5 70. Kh8 Kg6 0-1

[Event "Titled Tue 17th Jun Late"]
[Site "chess.com INT"]
[Date "2025.06.17"]
[Round "2"]
[White "Gimeno Martos, Roberto"]
[Black "George, Kevin"]
[Result "0-1"]
[WhiteTitle "CM"]
[BlackTitle "IM"]
[WhiteElo "2090"]
[BlackElo "2327"]
[WhiteFideId "2226804"]
[BlackFideId "10669515"]
[EventDate "2025.06.17"]

1. d4 Nf6 2. Nf3 c5 3. e3 g6 4. Nc3 Qc7 5. Be2 Bg7 6. O-O O-O 7. h3 a6 8. a4 d6
9. e4 cxd4 10. Nxd4 Nc6 11. Nxc6 Qxc6 12. Bf3 Qc4 13. Qd3 Be6 14. Bg5 Nd7 15.
Bxe7 Rfc8 16. Bxd6 Bxc3 17. bxc3 Qxc3 18. Rab1 Qxc2 19. Qxc2 Rxc2 20. Rxb7 Rc4
21. e5 Rac8 22. a5 Rc1 23. Rxc1 Rxc1+ 24. Kh2 Ra1 25. Bc7 Re1 26. Rb6 Nxe5 27.
Bxe5 Rxe5 28. Rxa6 Bd5 29. Bxd5 Rxd5 30. Ra8+ Kg7 31. a6 h5 32. a7 Ra5 33. Kg3
Ra4 34. f4 Ra3+ 35. Kf2 h4 36. Ke2 Kf6 37. Kf2 Kf5 38. Rh8 Ra2+ 39. Kf3 Ra3+ 40.
Kf2 Rxa7 41. Rxh4 Ra4 42. g3 Ra1 43. Kf3 Ra3+ 44. Kg2 Ke4 45. Rh7 Ra2+ 46. Kf1
Kf3 47. Ke1 f5 48. g4 fxg4 49. hxg4 Kxf4 50. Rg7 g5 51. Rb7 Ra3 52. Rb4+ Kg3 53.
Kf1 Ra1+ 54. Ke2 Rg1 55. Rc4 Rg2+ 56. Kf1 Kh2 57. Rb4 Kh3 58. Rc4 Ra2 59. Rb4
Kg3 60. Rc4 Rf2+ 61. Kg1 Rf8 62. Rb4 Ra8 63. Kf1 Ra1+ 64. Ke2 Ra5 65. Kf1 Re5
66. Rc4 Re8 67. Rb4 Re3 68. Rc4 Ra3 69. Rb4 Kf3 70. Rc4 Ra1+ 71. Rc1 Rxc1# 0-1

[Event "Titled Tue 17th Jun Late"]
[Site "chess.com INT"]
[Date "2025.06.17"]
[Round "2"]
[White "Lazavik, Denis"]
[Black "Ratkovic, Miloje"]
[Result "0-1"]
[WhiteTitle "GM"]
[BlackTitle "GM"]
[WhiteElo "2580"]
[BlackElo "2489"]
[WhiteFideId "13515110"]
[BlackFideId "914517"]
[EventDate "2025.06.17"]

1. e4 c6 2. d4 d5 3. exd5 cxd5 4. Bd3 Nc6 5. c3 Nf6 6. Bf4 Bg4 7. Qb3 Qd7 8. Nd2
e6 9. Ngf3 Bd6 10. Bxd6 Qxd6 11. O-O O-O 12. Rfe1 Qc7 13. Qc2 Ne7 14. a4 Bf5 15.
Ne5 Bxd3 16. Nxd3 Nf5 17. g3 Nd6 18. Nf3 Nfe4 19. Qe2 a6 20. Kg2 b5 21. Nfe5 Nc4
22. f3 Nxe5 23. Nxe5 Nd6 24. Nd3 Rfb8 25. Nc5 Qc6 26. axb5 axb5 27. Nd3 Qc4 28.
Kf2 h5 29. h3 Ra4 30. Rec1 Rba8 31. b3 Qxb3 32. Nc5 Qc4 33. Nxa4 bxa4 34. Qxc4
Nxc4 35. Rcb1 a3 36. Ra2 g6 37. Ke2 Kg7 38. Kd3 Kf6 39. Rb7 Nb2+ 40. Kc2 Nc4 41.
Kb1 Rc8 42. Rb3 h4 43. g4 Kg5 44. Rb7 f5 45. gxf5 gxf5 46. Re2 Rc6 47. Re7 Kf4
48. R7xe6 Rxe6 49. Rxe6 Kxf3 50. Kc2 f4 51. Kd3 Kg3 52. Rg6+ Kf2 53. Rg8 f3 54.
Rd8 Ke1 55. Re8+ Kf1 56. Rd8 f2 57. Re8 Kg1 58. Rg8+ Kh1 59. Ke2 a2 60. Ra8 Kg2
61. Rg8+ Kh2 62. Ra8 Na3 63. Rxa3 Kg2 64. Rxa2 f1=Q+ 65. Ke3+ Kg3 66. Re2 Qf3+
67. Kd2 Qf4+ 68. Kd3 Kxh3 69. c4 dxc4+ 70. Kxc4 Qf1 71. Kd3 Kg3 72. d5 Kf3 0-1

[Event "Titled Tue 17th Jun Late"]
[Site "chess.com INT"]
[Date "2025.06.17"]
[Round "2"]
[White "Klepek, Witold"]
[Black "Davtyan, Artur"]
[Result "1/2-1/2"]
[WhiteTitle "CM"]
[BlackTitle "IM"]
[WhiteElo "2253"]
[BlackElo "2472"]
[WhiteFideId "1175068"]
[BlackFideId "13308327"]
[EventDate "2025.06.17"]

1. c4 e6 2. Nf3 d5 3. g3 dxc4 4. Qa4+ Bd7 5. Qxc4 c5 6. Ne5 Nc6 7. Nxd7 Qxd7 8.
Bg2 Nf6 9. O-O Be7 10. d3 O-O 11. Bg5 Rac8 12. Nc3 Nd4 13. a4 Rfd8 14. Rfd1 Nd5
15. Bxe7 Nxe7 16. Rac1 h6 17. e3 Ndf5 18. Ne4 b6 19. a5 Nd5 20. axb6 axb6 21.
Qb3 Rb8 22. Nc3 Nf6 23. Ra1 b5 24. Ne4 Qe7 25. Nxf6+ Qxf6 26. Rac1 Qe5 27. Qc3
Qxc3 28. Rxc3 c4 29. Be4 Nd6 30. Bc6 b4 31. Rcc1 Rbc8 32. Ba4 cxd3 33. Rxc8 Nxc8
34. Bb5 d2 35. Kf1 Rd5 36. Bc4 Rc5 37. Bd3 Nb6 38. Ke2 g6 39. Rxd2 Kf8 40. Rc2
Rxc2+ 41. Bxc2 Ke7 42. Kd3 Kd6 43. f4 Kc5 44. h4 Nc4 45. b3 Na3 46. Bd1 f6 47.
h5 g5 48. Bg4 Kd6 49. Kd4 Nc2+ 50. Kd3 Na3 51. Kd4 gxf4 52. exf4 f5 53. Bf3 Nc2+
54. Kc4 e5 55. fxe5+ Kxe5 56. Bc6 Kf6 57. Bd7 Kg5 58. Kd3 Na3 59. Ke3 Kg4 60.
Kd4 Nc2+ 61. Ke5 Ne3 62. Kd4 Kf3 63. Kc5 Kxg3 64. Kxb4 f4 65. Bc6 f3 66. Bxf3
Kxf3 67. Kc5 Nc2 68. b4 Na3 69. b5 Nxb5 70. Kxb5 Kg4 71. Kc4 Kxh5 72. Kd3 Kh4
73. Ke2 Kh3 74. Kf1 Kh2 75. Kf2 h5 76. Kf1 h4 77. Kf2 h3 78. Kf1 Kg3 79. Kg1 h2+
80. Kh1 Kh3 1/2-1/2

[Event "Titled Tue 17th Jun Late"]
[Site "chess.com INT"]
[Date "2025.06.17"]
[Round "2"]
[White "Bressac, Stephane"]
[Black "Sheehan, Ethan"]
[Result "0-1"]
[WhiteTitle "IM"]
[WhiteElo "2280"]
[BlackElo "2364"]
[WhiteFideId "655945"]
[BlackFideId "30943965"]
[EventDate "2025.06.17"]

1. e4 e5 2. Nf3 Nc6 3. Nc3 Nf6 4. Bb5 Nd4 5. Nxd4 exd4 6. e5 dxc3 7. exf6 cxd2+
8. Bxd2 Qxf6 9. O-O Be7 10. Re1 O-O 11. Bc3 Qd6 12. Qh5 Bf6 13. Rad1 Qb6 14.
Bxd7 Bxc3 15. bxc3 Bxd7 16. Rxd7 Rad8 17. Rxd8 Rxd8 18. Qd5 c6 19. Qd7 h6 20.
Re8+ Rxe8 21. Qxe8+ Kh7 22. Qe4+ g6 23. Qb4 Qa6 24. a3 Qe2 25. g3 b6 26. Qa4
Qd1+ 27. Kg2 Qd5+ 28. Kg1 a5 29. Qd4 Qxd4 30. cxd4 Kg7 31. Kf1 Kf6 32. Ke2 Ke6
33. Kd3 b5 34. c4 Kd6 35. Kc3 f6 36. f3 f5 37. Kb3 g5 38. Kc3 g4 39. f4 Ke6 40.
Kb3 bxc4+ 41. Kxc4 Kd6 42. Kc3 Kd5 43. Kd3 a4 44. Kc3 c5 45. dxc5 Kxc5 46. Kd3
Kd5 47. Kc3 Kc5 48. Kd3 Kd5 49. Kc3 Ke4 50. Kb4 Kf3 51. Kxa4 Kg2 52. Kb4 Kxh2
53. a4 Kxg3 54. a5 Kh2 55. a6 g3 56. a7 g2 57. a8=Q g1=Q 58. Qh8 Qg6 59. Kc4 Kg3
60. Kd4 Qd6+ 61. Kc4 Qxf4+ 62. Kd3 Qf3+ 63. Kd2 h5 64. Qg7+ Qg4 65. Qa7 Qf4+ 66.
Ke2 Qf3+ 67. Ke1 h4 68. Qg1+ Kf4 69. Qa7 Qe3+ 70. Qxe3+ Kxe3 71. Kf1 f4 72. Kg2
f3+ 73. Kf1 f2 74. Kg2 Ke2 75. Kh2 Ke1 76. Kg2 f1=Q+ 77. Kh2 Qf3 78. Kg1 h3 79.
Kh2 Qg2# 0-1

[Event "Titled Tue 17th Jun Late"]
[Site "chess.com INT"]
[Date "2025.06.17"]
[Round "2"]
[White "Dylag, Emilia"]
[Black "Balaji, Aaravamudhan"]
[Result "0-1"]
[WhiteTitle "WFM"]
[BlackTitle "IM"]
[WhiteElo "2086"]
[BlackElo "2346"]
[WhiteFideId "21805172"]
[BlackFideId "436224"]
[EventDate "2025.06.17"]

1. d4 c5 2. d5 g6 3. c4 Bg7 4. Nc3 d6 5. Bd2 Nf6 6. e4 O-O 7. Bd3 e6 8. Nge2
exd5 9. cxd5 Re8 10. O-O Na6 11. a3 c4 12. Bxc4 Nxe4 13. Be3 Nxc3 14. Nxc3 Nc5
15. Bd4 Qh4 16. Bxg7 Kxg7 17. Bb5 Re5 18. g3 Qh3 19. f4 Rh5 20. Rf2 Qf5 21. b4
Qf6 22. Rc1 Nd7 23. Ne4 Qe7 24. Rcc2 Nf6 25. Nxf6 Qxf6 26. Be2 Rh3 27. Rc7 Bf5
28. Bf1 Re8 29. g4 Rhe3 30. gxf5 Qxf5 31. Qd4+ Kg8 32. Rc1 a6 33. Bg2 Rxa3 34.
Rfc2 h5 35. Rc3 Ra2 36. Re3 Rf8 37. Rce1 Qg4 38. Qe4 Qh4 39. Qf3 Qf6 40. Qg3 Rc2
41. Rf1 Rc7 42. f5 g5 43. h4 g4 44. Re4 Kg7 45. Kh2 Rc3 46. Re3 Rxe3 47. Qxe3
Qxh4+ 48. Kg1 Qf6 49. Qf4 Rc8 50. Rd1 Rc2 51. Bf1 Rb2 52. Qd4 Qxd4+ 53. Rxd4 Kf6
54. Bd3 Ke5 55. Rc4 Kxd5 56. Bf1 b5 57. Rf4 Ke5 58. Rf2 Rxf2 59. Kxf2 Kxf5 60.
Ke3 h4 61. Kd4 g3 62. Kd5 Kg4 63. Be2+ Kf4 64. Kxd6 h3 65. Kc6 g2 66. Kb6 g1=Q+
67. Kxa6 h2 68. Kxb5 h1=Q 69. Ka5 Qa8+ 70. Ba6 Qa1+ 71. Kb5 Q8xa6+ 72. Kc5 Qe5# 0-1

[Event "Titled Tue 17th Jun Late"]
[Site "chess.com INT"]
[Date "2025.06.17"]
[Round "2"]
[White "Deveci, Huseyin Said"]
[Black "Jiganchine, Roman"]
[Result "0-1"]
[WhiteTitle "CM"]
[BlackTitle "CM"]
[WhiteElo "2212"]
[BlackElo "2205"]
[WhiteFideId "26322455"]
[BlackFideId "2603667"]
[EventDate "2025.06.17"]

1. Nf3 d5 2. b3 Bf5 3. Bb2 c6 4. g3 e6 5. Bg2 Nf6 6. O-O h6 7. d3 Be7 8. Nbd2
O-O 9. Re1 Bh7 10. e4 a5 11. Qe2 a4 12. h3 a3 13. Bc3 Na6 14. Rad1 Nb4 15. Bxb4
Bxb4 16. e5 Nd7 17. Rc1 Bc3 18. Qe3 Qa5 19. h4 Nxe5 20. Red1 Nd7 21. h5 Qc5 22.
Qf4 Qb4 23. Qc7 Rfd8 24. Nf1 Qa5 25. Qf4 Qb4 26. Qc7 Rac8 27. Qf4 Qxf4 28. gxf4
Nf6 29. Ng3 b5 30. Bh3 c5 31. f5 e5 32. Kf1 e4 33. dxe4 dxe4 34. Ng1 Be5 35.
N1e2 c4 36. Rxd8+ Rxd8 37. bxc4 bxc4 38. Rb1 Bb2 39. Ke1 Kf8 40. Rd1 Rxd1+ 41.
Kxd1 Ke7 42. c3 Kd6 43. Kc2 Ke5 44. Kd2 Nd5 45. Kc2 f6 46. Kd2 Bg8 47. Nd4 Nf4
48. Nc6+ Kd6 49. Nb8 Nxh3 50. Na6 Nf4 51. Nxe4+ Ke5 52. Ke3 Nd5+ 53. Kf3 Nxc3
54. Nec5 Kxf5 55. Nb8 Bd5+ 56. Kg3 Kg5 57. Nbd7 Kxh5 58. f4 Kg6 59. Na6 Kf7 60.
Nc7 Be6 61. Nc5 Bf5 62. N5a6 h5 63. Nb4 Bc1 64. Ncd5 h4+ 65. Kxh4 Nxd5 66. Nxd5
Bb2 67. Kg3 Be6 68. Ne3 c3 69. Nc2 Bxa2 70. Nb4 Bc4 71. f5 a2 72. Kf4 a1=Q 73.
Nc2 Qc1+ 74. Kg4 Qxc2 75. Kh4 Qd2 76. Kg4 c2 77. Kh4 c1=Q 78. Kg4 Qcc3 79. Kh4
Qdd4+ 80. Kh5 Qh3# 0-1

[Event "Titled Tue 17th Jun Late"]
[Site "chess.com INT"]
[Date "2025.06.17"]
[Round "2"]
[White "Rustemov, Alexander"]
[Black "Zhukovskyi, Oleksandr"]
[Result "1/2-1/2"]
[WhiteTitle "GM"]
[BlackTitle "CM"]
[WhiteElo "2525"]
[BlackElo "2145"]
[WhiteFideId "4119002"]
[BlackFideId "14169371"]
[EventDate "2025.06.17"]

1. d4 Nf6 2. c4 g6 3. Nf3 Bg7 4. g3 c6 5. Bg2 d5 6. Nbd2 O-O 7. b3 a5 8. a3 Bg4
9. Bb2 Bxf3 10. Bxf3 Nbd7 11. O-O Re8 12. cxd5 Nxd5 13. Nc4 N5b6 14. Rc1 Nxc4
15. Rxc4 e5 16. e3 exd4 17. Bxd4 Ne5 18. Bxe5 Bxe5 19. Qc2 Qe7 20. b4 Red8 21.
Kg2 Rd7 22. Rd1 Rad8 23. Rxd7 Rxd7 24. h4 h5 25. Rc5 axb4 26. axb4 Qf6 27. b5
cxb5 28. Rxb5 b6 29. Qe4 Re7 30. Qb4 Re6 31. Bd5 Bc3 32. Qb3 Rd6 33. Bxf7+ Qxf7
34. Qxc3 Qb7+ 35. f3 Qd7 36. Rb2 b5 37. Qb3+ Kh7 38. Qb4 Rd5 39. e4 Rd3 40. Re2
Qf7 41. Rf2 Rb3 42. Qd6 b4 43. e5 Re3 44. Qd4 Rc3 45. Qe4 Rc4 46. Qe3 Rc3 47. e6
Rxe3 48. exf7 Kg7 49. Rb2 b3 50. Kf2 Rc3 51. Ke2 Kxf7 52. Rd2 Ke6 53. Rd4 Rc2+
54. Ke3 Rc3+ 55. Ke2 Rc2+ 56. Kd3 Rf2 57. Ke3 Rc2 58. Rb4 Rc3+ 59. Kf4 Kd5 60.
Rb8 Kc5 61. g4 Rc4+ 62. Kg5 Rb4 63. Rc8+ Kd6 64. Rc1 b2 65. Rb1 hxg4 66. fxg4
Ke6 67. h5 gxh5 68. gxh5 Kf7 69. Kh6 Kg8 70. Kg6 Rb6+ 71. Kg5 Kh7 72. Kf4 Rb5
73. Ke3 Rxh5 74. Rxb2 Rg5 75. Kd4 Rg6 76. Re2 Rg4+ 1/2-1/2

[Event "Titled Tue 17th Jun Late"]
[Site "chess.com INT"]
[Date "2025.06.17"]
[Round "2"]
[White "Nihal, Sarin"]
[Black "Kadam, Om Manish"]
[Result "1/2-1/2"]
[WhiteTitle "GM"]
[BlackTitle "FM"]
[WhiteElo "2696"]
[BlackElo "2321"]
[WhiteFideId "25092340"]
[BlackFideId "45076294"]
[EventDate "2025.06.17"]

1. c4 c5 2. Nc3 Nc6 3. g3 g6 4. Bg2 Bg7 5. Nf3 Nf6 6. d4 cxd4 7. Nxd4 O-O 8. O-O
Nxd4 9. Qxd4 d6 10. b3 Ne4 11. Qxe4 Bxc3 12. Bh6 Bxa1 13. Bxf8 Qxf8 14. Rxa1 Rb8
15. Rd1 Bf5 16. Qe3 b6 17. h4 Be6 18. h5 Qg7 19. h6 Qb2 20. Bd5 Qf6 21. Rd4 Bxd5
22. cxd5 Rc8 23. Kg2 Rc5 24. b4 Rc7 25. a4 Qe5 26. Qxe5 dxe5 27. d6 exd6 28.
Rxd6 Kf8 29. Rd8+ Ke7 30. Rh8 Kf6 31. e4 g5 32. Rxh7 Kg6 33. Rh8 Rc4 34. Ra8
Rxe4 35. Rxa7 Rxb4 36. h7 Kxh7 37. Rxf7+ Kg6 38. Ra7 g4 39. Kf1 Rb2 40. Rb7 Rb4
41. Ra7 Kf5 42. Ra8 Ke4 43. Kg2 Kd5 44. a5 bxa5 45. Rxa5+ Ke4 46. Ra7 Kf5 47.
Rf7+ Kg5 48. Ra7 Rb2 49. Ra5 Kf5 50. Ra1 Ke4 51. Kf1 Kf5 52. Re1 Rc2 53. Rd1 Rb2
54. Ke1 Ra2 55. Rb1 Rc2 56. Rb8 Ra2 57. Rf8+ Ke4 58. Rf7 Ra1+ 59. Ke2 Rb1 60.
Rf8 Ra1 61. Rb8 Ra2+ 62. Kf1 Ra1+ 63. Kg2 Kf5 64. Rf8+ Ke4 65. Rf7 Ra2 66. Rf8
Ra1 67. Rh8 Kf5 68. Rh5+ Kf6 69. Rh6+ Kf5 70. Rh8 Rb1 71. Rf8+ Ke4 72. Rf6 Rb2
73. Ra6 Kf5 74. Ra7 Rb1 75. Rf7+ Ke4 76. Rh7 Kf5 77. Rh5+ Kf6 78. Rh4 Kg5 79.
Rh8 Kf5 80. Rf8+ Ke4 81. Rf6 Rb2 82. Rf7 Rb1 83. Rh7 Kf5 84. Rh5+ Kf6 85. Rh8
Kf5 1/2-1/2

[Event "Titled Tue 17th Jun Late"]
[Site "chess.com INT"]
[Date "2025.06.17"]
[Round "2"]
[White "Bluebaum, Matthias"]
[Black "Dogan, Umut Anil"]
[Result "0-1"]
[WhiteTitle "GM"]
[BlackTitle "CM"]
[WhiteElo "2663"]
[BlackElo "2060"]
[WhiteFideId "24651516"]
[BlackFideId "51618060"]
[EventDate "2025.06.17"]

1. d4 e6 2. c4 Nf6 3. Nc3 Bb4 4. e3 O-O 5. Bd2 c5 6. a3 Bxc3 7. Bxc3 Ne4 8. Ne2
d5 9. dxc5 dxc4 10. Qd4 Qxd4 11. Bxd4 Na6 12. Ng3 Naxc5 13. Bxc4 Rd8 14. b4 Nxg3
15. hxg3 Ne4 16. Rd1 b6 17. g4 Bb7 18. f3 Nf6 19. Kf2 Rac8 20. Rc1 Nd5 21. Be2
f6 22. Bb2 h6 23. Rxc8 Rxc8 24. Rc1 Rxc1 25. Bxc1 Nc3 26. Bd3 Kf7 27. e4 Bc6 28.
Ke3 Ke7 29. Kd2 Na4 30. Kc2 b5 31. Be3 a6 32. f4 g6 33. g3 Kf7 34. g5 hxg5 35.
fxg5 f5 36. e5 Ke7 37. Bd4 Kd7 38. Kd2 Bf3 39. Ke3 Bd1 40. Kd2 Bf3 41. Bc2 Kc6
42. Ke3 Bd5 43. g4 Nb6 44. Bxb6 Kxb6 45. gxf5 exf5 46. Kd4 Kc6 47. Bd3 Be6 48.
Be2 Kc7 49. Kc5 Bd7 50. Bf3 Be6 51. Bg2 Bc4 52. Bc6 Be6 53. Be8 f4 54. Bxg6 f3
55. Bd3 f2 56. g6 Bc4 57. Bxc4 bxc4 58. g7 f1=Q 59. g8=Q Qf2+ 60. Kd5 Qf3+ 61.
Ke6 Qc6+ 62. Kf5 c3 63. Qg1 c2 64. Qc1 Qf3+ 65. Ke6 Qd1 66. Qe3 c1=Q 67. Qa7+
Kc6 68. Qxa6+ Kc7 69. Qa7+ Kd8 70. Qa5+ Qc7 71. Qc5 Qxc5 72. bxc5 Kc7 73. a4
Qxa4 74. Ke7 Kc6 75. e6 Kxc5 76. Kf8 Kd6 77. e7 Qf4+ 78. Ke8 Qe5 79. Kf8 Qxe7+
80. Kg8 Ke6 81. Kh8 Kf6 82. Kg8 Qg7# 0-1

[Event "Titled Tue 17th Jun Late"]
[Site "chess.com INT"]
[Date "2025.06.17"]
[Round "2"]
[White "Baches Garcia, Guillermo"]
[Black "Kjaergaard-Jensen, Jesper"]
[Result "0-1"]
[WhiteTitle "IM"]
[BlackTitle "CM"]
[WhiteElo "2305"]
[BlackElo "2081"]
[WhiteFideId "2209764"]
[BlackFideId "1406990"]
[EventDate "2025.06.17"]

1. Nf3 Nf6 2. d4 d6 3. Bg5 c6 4. Nbd2 Nbd7 5. e4 e5 6. c3 Be7 7. Bd3 O-O 8. O-O
Qc7 9. Re1 Re8 10. Qc2 h6 11. Bh4 g5 12. Bg3 Nh5 13. Nc4 Nxg3 14. hxg3 b5 15.
Ne3 Nf6 16. a4 Rb8 17. b4 a6 18. c4 bxc4 19. Nxc4 Rxb4 20. dxe5 dxe5 21. Nfxe5
Bc5 22. Qc3 Bf8 23. Nf3 Ng4 24. e5 Bc5 25. Ra2 Qa7 26. Ree2 Be6 27. Rac2 Reb8
28. Nd6 Bxf2+ 29. Rxf2 Rb1+ 30. Bf1 R8b3 31. Qc5 Qxc5 32. Rxc5 Nxf2 33. Kxf2
R3b2+ 34. Be2 Ra1 35. a5 Raa2 36. Nd4 Bg4 37. Rxc6 Bxe2 38. Nxe2 Rxe2+ 39. Kf3
Rxe5 40. Rxa6 Raxa5 41. Rc6 Rac5 42. Rb6 Rc3+ 43. Kf2 Re6 44. Rb8+ Kg7 45. Nf5+
Kg6 46. g4 Rc4 47. Kf3 Rf4+ 48. Kg3 Rxf5 49. gxf5+ Kxf5 50. Rg8 Rg6 51. Rh8 Re6
52. Rg8 Kf6 53. Rh8 Kg7 54. Ra8 f5 55. Kf3 Kg6 56. Ra5 h5 57. Rc5 g4+ 58. Kf2
Kg5 59. g3 Ra6 60. Rb5 Ra3 61. Rc5 Rf3+ 62. Kg2 h4 63. gxh4+ Kxh4 64. Rc8 Ra3
65. Rf8 Kg5 66. Rb8 Ra2+ 67. Kf1 Kh4 68. Rb3 f4 69. Kg1 f3 70. Kf1 Kg3 71. Rb1
Rf2+ 72. Kg1 Rc2 73. Kf1 Kh2 74. Re1 g3 75. Re2+ g2+ 76. Rxg2+ Rxg2 0-1